Sources of inefficiency: Labour utilization in the EU

Miera využitia práce na základe vstupných opatrení a modely zachytávania zdrojov neefektívnosti. Modifikácia umožňuje zhodnotenie vstupu, ktorý môže byť dostačujúci pre manažérske účely. Využitie pracovných síl v európskej ekonomike v období rokov 2008 v porovnaní s rokom 2013.

Enregistré dans:
Détails bibliographiques
Auteur principal: Nežinský, Eduard, 1972-
Format: Chapitre de livre
Langue:tchèque
Sujets:
Tags: Ajouter un tag
Pas de tags, Soyez le premier à ajouter un tag!

MARC

LEADER 00000nla a2200000 4500
001 0193447
005 20240502083449.3
041 0 |a cze 
044 |a CZ 
245 1 0 |a Sources of inefficiency: Labour utilization in the EU  |c Eduard Nežinský 
520 |a Miera využitia práce na základe vstupných opatrení a modely zachytávania zdrojov neefektívnosti. Modifikácia umožňuje zhodnotenie vstupu, ktorý môže byť dostačujúci pre manažérske účely. Využitie pracovných síl v európskej ekonomike v období rokov 2008 v porovnaní s rokom 2013. 
610 2 0 |a modely ekonomicko-matematické 
610 2 0 |a modely input-output 
610 2 0 |a využitie síl pracovných 
610 2 0 |a práca neproduktívna 
610 2 0 |a meranie 
100 1 |a Nežinský, Eduard, 1972-